[Event "Zuerich op-B 30th"]
[Site "Zuerich"]
[Date "2006.12.26"]
[Round "7"]
[White "Canduzzi, Raffaele"]
[Black "Hida, Kemail"]
[Result "1-0"]
[WhiteElo "1880"]
[BlackElo "2039"]
[PlyCount "45"]
[EventDate "2006.12.26"]
[EventType "swiss"]
[EventRounds "7"]
[EventCountry "SUI"]
[SourceTitle "CBM 116 Extra"]
[Source "ChessBase"]
[SourceDate "2007.03.07"]
[SourceVersion "1"]
[SourceVersionDate "2007.03.07"]
[SourceQuality "1"]

1. e4 c5 2. d4 cxd4 3. c3 dxc3 4. Nxc3 Nc6 5. Nf3 d6 6. Bc4 h6 7. 0-0 e6 8. Qe2 a6 9. Rd1 b5 10. Bb3 Bb7 11. Bf4 Qf6 12. Bxd6 Bxd6 13. Rxd6 Nge7 14. Nd5 Qg6 15. Nc7+ Kf8 16. Nxa8 Bxa8 17. Rad1 Kg8 18. Bc2 Qg4 19. h3 Qh5 20. Qe3 g6 21. Kh2 g5 22. Qc3 e5 23. g4 1-0